লোডিং...

Web hacking: attacks and defense/

গ্রন্থ-পঞ্জীর বিবরন
প্রধান লেখক: McClure, Stuart
অন্যান্য লেখক: Shah, Saumil, Shah, Shreeraj
বিন্যাস: Printed Book
ভাষা:English
প্রকাশিত: Singapore Pearson education 2003
বিষয়গুলি:
LEADER 00685 a2200205 4500
008 090323t xxu||||| |||| 00| 0 eng d
020 |a 9 788178 087849 
082 |a 004.056 53 McC 
100 |a McClure, Stuart  |9 7348 
245 |a Web hacking:  |b attacks and defense/  |c Stuart McClure 
260 |a Singapore  |b Pearson education  |c 2003 
300 |a xxxi, 492p. 
650 |a Web language.  |9 3945 
650 |a URL.  |9 3946 
700 |a McClure, Stuart  |9 3941 
700 |a Shah, Saumil  |9 3942 
700 |a Shah, Shreeraj  |9 3943 
942 |2 ddc  |c BK  |6 _ 
999 |c 85140  |d 85140 
952 |0 0  |1 0  |2 ddc  |4 0  |6 004056_53MCC  |7 0  |9 106428  |a DCA  |b DCA  |d 2009-03-23  |o 004.056 53 McC  |p CA003532  |r 2009-03-23  |w 2009-03-23  |y BK